|
|
|
|
| LEADER |
00000caa a2200000 c 4500 |
| 001 |
533996724 |
| 003 |
DE-627 |
| 005 |
20220630101130.0 |
| 007 |
tu |
| 008 |
070622s2001 xx ||||| 00| ||ger c |
| 020 |
|
|
|a 3930832097
|
| 035 |
|
|
|a (DE-627)533996724
|
| 035 |
|
|
|a (DE-599)GBV533996724
|
| 040 |
|
|
|a DE-627
|b ger
|c DE-627
|e rakwb
|
| 041 |
|
|
|a ger
|
| 084 |
|
|
|a 0
|2 ssgn
|
| 100 |
1 |
|
|a Schulze, Reinhard
|4 aut
|
| 109 |
|
|
|a Schulze, Reinhard
|a Schulze, Reinhart
|
| 245 |
1 |
0 |
|a Westeuropäische Varianten der Säkularisierung
|b Anmerkungen zu den Beiträgen von Ramadan und Modood
|
| 264 |
|
1 |
|c 2001
|
| 336 |
|
|
|a Text
|b txt
|2 rdacontent
|
| 337 |
|
|
|a ohne Hilfsmittel zu benutzen
|b n
|2 rdamedia
|
| 338 |
|
|
|a Band
|b nc
|2 rdacarrier
|
| 601 |
|
|
|a Westeuropa
|
| 601 |
|
|
|a Variante
|
| 601 |
|
|
|a Säkularisierung
|
| 601 |
|
|
|a Beitrag
|
| 601 |
|
|
|a Ramadan
|
| 773 |
0 |
8 |
|i In
|t Muslime im säkularen Rechtsstaat
|b 1. Aufl.
|d Berlin : Verl. das Arab. Buch [u.a.], 2001
|g (2001), Seite 97-102
|h 125 S
|w (DE-627)336507380
|w (DE-576)095039295
|z 3860933116
|z 3930832097
|7 nnam
|
| 773 |
1 |
8 |
|g year:2001
|g pages:97-102
|
| 951 |
|
|
|a AR
|
| ELC |
|
|
|b 1
|
| ITA |
|
|
|a 1
|t 1
|
| ORI |
|
|
|a SA-MARC-ixtheo_oa001.raw
|
| REL |
|
|
|a 1
|
| SUB |
|
|
|a REL
|